000 01052cam a2200217 4500
001 WB3913-19
008 030402n2003 000 0 eng u
035 _a(Sirsi) u121873
245 4 _aThe state of the countryside 2020
260 _c2003
490 _aCountryside Agency Press Release
_v 2 April 2003 (3)
520 _aThe Countryside Agency has published a report outlining the possible future for the countryside, aimed at encouraging people to identify and address the right issues to achieve sustainable development. "The state of the countryside 2020" (ref CA138) is available from Countryside Agency Publications, t +44 (0)870 120 6466, f +44 (0)870 120 6467 or from http://www.countryside.gov.uk/stateofthecountryside. Countryside Agency Press Release http://www.countryside.gov.uk/News/article.asp?NewsItem=265
590 _aWB
650 _aRURAL ECONOMY
650 _aRURAL COMMUNITIES
650 _aRURAL ISSUES
650 _aSUSTAINABLE DEVELOPMENT
650 _aENVIRONMENTAL ISSUES
690 _aRural
_96268
942 _n0
999 _c72428
_d72428